Towards a new sociology in india / (Record no. 153813)

MARC details
000 -LEADER
fixed length control field 00650nam a22002057a 4500
005 - DATE AND TIME OF LATEST TRANSACTION
control field 20180711113159.0
010 ## - LCCN (DPL NO)
LC control number ENG-123438
020 ## - INTERNATIONAL STANDARD BOOK NUMBER
International Standard Book Number 9789352872756
Terms of availability 625.00
035 ## - SYSTEM CONTROL NUMBER
System control number EN-106970
037 ## - SOURCE OF ACQUISITION
Source of stock number/acquisition DBAD/PUB
082 ## - DEWEY DECIMAL CLASSIFICATION NUMBER
Classification number 301.0954
245 ## - TITLE STATEMENT
Title Towards a new sociology in india /
Statement of responsibility, etc ed. by Mahuya Bandyopadhyay [and] Ritambhara Hebbar
260 ## - PUBLICATION, DISTRIBUTION, ETC. (IMPRINT)
Place of publication, distribution, etc Hyderabad
Name of publisher, distributor, etc Orient BlackSwan
Date of publication, distribution, etc 2018
270 ## - ADDRESS
Address 3-6-752 Himayatnagar
City Hyderabad
Postal code 500029
300 ## - PHYSICAL DESCRIPTION
Extent x,266p.
Dimensions 21cm(pbk)
Other physical details ill.
500 ## - GENERAL NOTE
General note It includes index
700 ## - ADDED ENTRY--PERSONAL NAME
Personal name Bandyopadhyay, Mahuya
700 ## - ADDED ENTRY--PERSONAL NAME
Personal name Hebbar, Ritambhara
942 ## - ADDED ENTRY ELEMENTS (KOHA)
Source of classification or shelving scheme Dewey Decimal Classification
Item type English Books
Classification part 301.0954
Call number suffix TOW
Holdings
Withdrawn status Lost status Not for loan Collection code Home library Current library Date acquired Source of acquisition Cost, normal purchase price Full call number Barcode Copy number Cost, replacement price Koha item type
    Not For Loan Non-fiction D.B.Act.Division Central Library 11/07/2018 DBAD/PUB 625.00 301.0954 TOW EN-106970 1 625.00 English Books

© Delhi Public Library
Hit Counter
free hit counter